Statistics for Fill in the Blank- Country Text Puns

Click here to take the quiz!

General Stats

  • This quiz has been taken 32 times
  • The average score is 5 of 14

Answer Stats

Fill in Here:% Correct
Tbh, I'm very {Hungary} right now
93%
Do we have any {Turkey}?
61%
Yes, but it's covered in a layer of {Greece}
50%
Maybe you should go {Czech} the fridge!!
43%
I'm {Russian} to the kitchen!
36%
{Kenya} give me a break?
29%
{Uganda} be kidding me
29%
No, I'm sorry, {Iran} out of jokes! XD
29%
Think I will have a {Canada} beans instead.
25%
I think I'll settle for a can of {Chile}
21%
You're {China} be funny, aren't you
21%
There's {Norway} you can eat that then.
18%
Do you want me to {Denmark} your name on the can?
4%
Are you trying to {Sweden} things up now?
4%

Score Distribution

Percentile by Number Answered

Percent of People with Each Score

Your Score History

You have not taken this quiz